|
|
|
|
| LEADER |
00000nam a2200000Ia 4500 |
| 008 |
180703b2005 cr ||||| |||| 00| | spa d |
| 999 |
|
|
|c 1979
|d 1979
|
| 090 |
|
|
|a 06.05.04
|b 1285
|
| 100 |
|
|
|a Zeledón Ruiz, María del Pilar
|9 813
|
| 245 |
1 |
|
|a La construcción de la personalidad ética del niño y la niña /
|c María del Pilar Zeledón Ruiz
|
| 260 |
|
|
|a [san José, Costa Rica] :
|b INIE,
|c 2005
|
| 300 |
|
|
|a 63 páginas
|
| 650 |
1 |
4 |
|a TALLERES
|9 783
|
| 650 |
1 |
4 |
|a ÉTICA
|9 563
|
| 650 |
1 |
4 |
|a NIÑOS
|9 59
|
| 650 |
1 |
4 |
|a NIÑAS
|9 60
|
| 650 |
1 |
4 |
|a PERSONALIDAD
|9 1790
|
| 942 |
|
|
|i 002042
|h 06.05.04 1285
|2 z
|c 04
|